NFL Player by Picture - Statistics

General Stats
  • This quiz has been taken 77 times
  • The average score is 16 of 24
Answer Stats
Picture Answer % Correct
Josh Allen
100%
Saquon Barkley
98%
Derrick Henry
93%
Garrett Wilson
85%
Tom Brady
85%
Travis Kelce
83%
Patrick Surtain II
81%
Rob Gronkowski
81%
Micah Parsons
78%
Dan Marino
75%
Odell Beckham Jr
73%
Marshawn Lynch
71%
John Madden
69%
Amon ra st brown
68%
Luke kuechly
66%
Philip Rivers
66%
Von Miller
66%
Justin Jefferson
64%
Jerry Rice
63%
George Pickens
56%
Lynn Swann
32%
Jack Lambert
29%
Santonio Holmes
29%
Troy Polomalu
10%
No matching quizzes found
Score Distribution
Percent of People with Each Score
Percentile by Number Answered
Your Score History
You have not taken this quiz